| 000 | 00512nam a22001817a 4500 | ||
|---|---|---|---|
| 999 |
_c3872 _d3829 |
||
| 008 | 190916b ||||| |||| 00| p eng d | ||
| 020 | _a9786054825394 | ||
| 041 | _atur | ||
| 050 | _aPL 248.C48 | ||
| 100 |
_91731 _aÇetinkol, Tülin |
||
| 245 | _aMırıldanmalar Hiçliği | ||
| 250 | _a1.Basım | ||
| 260 |
_aİstanbul; _bŞiirden Yayıncılık, |
||
| 300 | _a67 Sayfa | ||
| 500 | _aŞiirden Yayıncılık ; 165 Şiir-Çeviri / Şiir-Antoloji ; 129 | ||
| 650 | 0 |
_9145 _aTürk Edebiyatı |
|
| 942 |
_2lcc _cBK |
||